[Event "Vienna op-B 14th"]
[Site "Vienna"]
[Date "2003.08.19"]
[Round "4"]
[White "Neuwinger, Martin"]
[Black "Blaha, Martin"]
[Result "1/2-1/2"]
[WhiteElo "1823"]
[BlackElo "1758"]
[PlyCount "38"]
[EventDate "2003.08.16"]
[EventType "swiss"]
[EventRounds "9"]
[EventCountry "AUT"]
[SourceTitle "CBM 095 Extra"]
[Source "ChessBase"]
[SourceDate "2003.09.04"]
[SourceVersion "1"]
[SourceVersionDate "2003.09.04"]
[SourceQuality "1"]

1. d4 d5 2. Nf3 Nf6 3. Bf4 e6 4. e3 c5 5. c4 Nc6 6. Nc3 Bd6 7. Bxd6 Qxd6 8. Bd3 a6 9. 0-0 dxc4 10. Bxc4 b5 11. Bb3 0-0 12. dxc5 Qxc5 13. Rc1 Qb6 14. Qe2 Bb7 15. a3 Rac8 16. Bc2 Rfd8 17. Ne4 Nxe4 18. Bxe4 Ne7 19. Bxb7 Qxb7 1/2-1/2